000 00851nam a22001817a 4500
999 _c64032
_d64032
003 Ge_BSU
005 20260312172534.0
008 260312s1960 ge ||||| |||| 00| 0 geo d
041 _ageo
080 _a338.26 ლ-76
100 _aლობჯანიძე, თ.
_927124
245 _aმარქსიზმ-ლენინიზმი სახალხო მეურნეობის გეგმაზომიერი განვითარების შესახებ /
_c თ. ლობჯანიძე.
264 _aთბ. :
_b თბილ. უნ-ტის გამ-ბა,
_c1960.
300 _a88 გვ. ;
_b20 სმ.
504 _aბიბლიოგრ. შენიშვნები.
653 _aსახალხო მეურნეობის დაგეგმვა
942 _2udc
_cᲬᲘᲒᲜᲘ